000 00689nam a2200193Ia 4500
008 090123s9999 xx 000 0 und d
082 _b34245
100 _aनगर्सेकर सुरेश
245 _aरसाद्वारे रोगनिवारण
250 _a1
260 _bमनोरमा प्रकाशन
300 _a63
600 _aनगर्सेकर सुरेश
630 _aरसाद्वारे रोगनिवारण
700 _aनगर्सेकर सुरेश
700 _aनगर्सेकर अमिता
730 _aरसाद्वारे रोगनिवारण
942 _cBOOK
999 _c72284
_d72284